Zdravotníctvo dnes a zajtra.

Rozhovor s námestníkom ministra zdravotníctva SR MUDr. M. Demešom. Stanovisko ku kvalite zmien, ktoré sa uskutočňujú v štruktúre zdravotníctva, k nevyhnutnosti zvýšenia úrovne práce zdravotníckych pracovníkov, k rodinným lekárom a súkromnej praxi, k finančnému zabezpečeniu zdravotníctva, k situácii...

Descripción completa

Guardado en:
Detalles Bibliográficos
Autor principal: Demeš, M.
Formato: Capítulo de libro
Lenguaje:eslovaco
Materias:
Etiquetas: Agregar Etiqueta
Sin Etiquetas, Sea el primero en etiquetar este registro!

MARC

LEADER 00000naa a2200000 4500
001 r006208
005 20221125081608.5
041 0 |a slo 
044 |a [CS] 
245 1 0 |a Zdravotníctvo dnes a zajtra.  |c M. Demeš 
520 |a Rozhovor s námestníkom ministra zdravotníctva SR MUDr. M. Demešom. Stanovisko ku kvalite zmien, ktoré sa uskutočňujú v štruktúre zdravotníctva, k nevyhnutnosti zvýšenia úrovne práce zdravotníckych pracovníkov, k rodinným lekárom a súkromnej praxi, k finančnému zabezpečeniu zdravotníctva, k situácii v stave liečiv, k privatizácii lekárni a k počtu lekárov, k ich relatívnemu nadbytku. 
610 2 0 |a zdravotníctvo 
610 2 0 |a lekári 
610 2 0 |a Slovensko 
100 1 |a Demeš, M.